000 00796nam a2200265Ia 4500
003 OSt
005 20220923215723.0
006 a|||||r|||| 00| 0
007 ta
008 220922b |||||||| |||| 00| 0 hin d
020 _c60
024 _a181,187
037 _cTextual
040 _aARTS
_cARTS
_bhin
041 _2hin
_ahin
082 _aO152,1N312x, M1
100 _aवर्मा, श्रीकांत
245 0 _aप्रसंग
246 _aPrasanga
260 _aहापुड
_b सम्भावना प्रकाशन
_c1981
300 _a328 पृ.
_ccm.
650 _aहिन्दी साहित्य
_9156264
942 _hO152,1N312x, M1
_cTEXL
_2CC
999 _c334565
_d334565